BUSINESS STATISTICS DECISION MAKING WITH (Record no. 6786)
[ view plain ]
| 000 -LEADER | |
|---|---|
| fixed length control field | 00354nam a2200133Ia 4500 |
| 008 - FIXED-LENGTH DATA ELEMENTS--GENERAL INFORMATION | |
| fixed length control field | 240624s9999 xx 000 0 und d |
| 041 ## - LANGUAGE CODE | |
| Language code of text/sound track or separate title | eng |
| 082 ## - DEWEY DECIMAL CLASSIFICATION NUMBER | |
| Classification number | 658.403 JOH |
| 100 ## - MAIN ENTRY--PERSONAL NAME | |
| Personal name | JOHNSON RICHARD A |
| 245 ## - TITLE STATEMENT | |
| Title | BUSINESS STATISTICS DECISION MAKING WITH |
| 260 ## - PUBLICATION, DISTRIBUTION, ETC. | |
| Date of publication, distribution, etc. | 2007 |
| Place of publication, distribution, etc. | New Delhi |
| Name of publisher, distributor, etc. | Wiley India |
| 300 ## - PHYSICAL DESCRIPTION | |
| Extent | xii, , 769 , 25 , p. : cm. |
| 365 ## - TRADE PRICE | |
| Currency code | |
| Price amount | 30 |
| Withdrawn status | Lost status | Damaged status | Not for loan | Home library | Current library | Shelving location | Date acquired | Source of acquisition | Cost, normal purchase price | Full call number | Barcode | Date last seen | Copy number | Price effective from | Koha item type |
|---|---|---|---|---|---|---|---|---|---|---|---|---|---|---|---|
| IMTN | IMTN | Rack 26-B | 10/18/2007 | AP | 8.25 | 658.403 JOH | 6786 | 06/24/2024 | 39.34 | 06/24/2024 | Books |